[Event "Memorial Gashimov - Rapid"]
[Site "Baku"]
[Date "18.12.2021"]
[Round "R1"]
[White "Navara, David"]
[Black "Mamedyarov, Shakhriyar"]
[Result "0-1"]
[WhiteTitle "GM"]
[BlackTitle "GM"]
[WhiteElo "2697"]
[BlackElo "2767"]
[WhiteFideId "309095"]
[BlackFideId "13401319"]
[EventDate "2021.12.18"]

1. e4 e5 2. Nf3 Nc6 3. Bb5 a6 4. Ba4 Nf6 5. O-O Nxe4 6. d4 b5 7. Bb3 d5 8. dxe5
Be6 9. Qe2 Nc5 10. Rd1 Nxb3 11. cxb3 Be7 12. Nc3 O-O 13. Bf4 Qd7 14. Rd2 Nd8 15.
Rad1 c6 16. h3 Bf5 17. Nd4 Bg6 18. Qg4 Ne6 19. Be3 Rad8 20. Nf5 Bxf5 21. Qxf5 f6
22. exf6 Bxf6 23. Qg4 Qf7 24. Ne2 h5 25. Qg3 c5 26. Rxd5 Nd4 27. R5xd4 cxd4 28.
Nxd4 Rd5 29. Rd2 Be5 30. Qh4 Qg6 31. g3 Bf6 32. Qf4 Bxd4 0-1

[Event "Memorial Gashimov - Rapid"]
[Site "Baku"]
[Date "18.12.2021"]
[Round "R1"]
[White "Caruana, Fabiano"]
[Black "Asadli, Vugar"]
[Result "1-0"]
[WhiteTitle "GM"]
[BlackTitle "GM"]
[WhiteElo "2792"]
[BlackElo "2579"]
[WhiteFideId "2020009"]
[BlackFideId "13405764"]
[EventDate "2021.12.18"]

1. d4 d5 2. c4 e6 3. Nc3 Nf6 4. cxd5 exd5 5. Bg5 c6 6. Qc2 h6 7. Bh4 Be7 8. e3
O-O 9. Nf3 Nbd7 10. Bd3 Re8 11. Bg3 b6 12. O-O Bb7 13. h3 a6 14. Rad1 Bb4 15.
Bf5 Qe7 16. Bh4 g5 17. Bg3 Bd6 18. Bxd6 Qxd6 19. Rfe1 Re7 20. Qb3 Rae8 21. Na4
b5 22. Bxd7 Nxd7 23. Rc1 Bc8 24. Nc5 Nf8 25. Nd3 f6 26. Qb4 Qc7 27. Qc5 Bb7 28.
Nb4 Ne6 29. Qc2 Qd6 30. Nxc6 Rg7 31. Na5 Bc8 32. Nb3 Nf8 33. Nbd2 h5 34. e4 g4
35. hxg4 hxg4 36. e5 fxe5 37. Nxe5 Qh6 38. Nf1 Be6 39. Ng3 Rh7 40. Qd3 Qf4 41.
Qe3 Qf6 42. Rc6 Qh4 43. Qf4 b4 44. Re3 Qh2+ 45. Kf1 Qh4 46. Ke2 Rg7 47. Kd2 Qh7
48. Re1 Rc8 49. Rh1 Ng6 1-0

[Event "Memorial Gashimov - Rapid"]
[Site "Baku"]
[Date "18.12.2021"]
[Round "R1"]
[White "Mamedyarov, Shakhriyar"]
[Black "Navara, David"]
[Result "1/2-1/2"]
[WhiteTitle "GM"]
[BlackTitle "GM"]
[WhiteElo "2767"]
[BlackElo "2697"]
[WhiteFideId "13401319"]
[BlackFideId "309095"]
[EventDate "2021.12.18"]

1. d4 Nf6 2. c4 e6 3. Nf3 b6 4. a3 Ba6 5. Qc2 Bb7 6. Nc3 c5 7. dxc5 bxc5 8. Bf4
Nh5 9. Bg5 Be7 10. Bxe7 Qxe7 11. e3 O-O 12. Be2 Nf6 13. O-O Rd8 14. b4 d6 15.
Rfd1 Nbd7 16. Rab1 Rab8 17. b5 d5 18. a4 dxc4 19. Bxc4 Ng4 20. Be2 Nde5 21. Nxe5
Nxe5 22. Rxd8+ Rxd8 23. Rd1 h5 24. Bxh5 c4 25. Be2 Qg5 26. e4 Nd3 27. Bxd3 cxd3
28. Rxd3 Rxd3 29. Qxd3 Qc1+ 30. Nd1 Bxe4 31. Qd8+ Kh7 32. Qh4+ Kg8 33. Qd8+ Kh7
34. Qh4+ Kg8 35. Qd8+ Kh7 1/2-1/2

[Event "Memorial Gashimov - Rapid"]
[Site "Baku"]
[Date "18.12.2021"]
[Round "R1"]
[White "Rapport, Richard"]
[Black "Karjakin, Sergey"]
[Result "1-0"]
[WhiteTitle "GM"]
[BlackTitle "GM"]
[WhiteElo "2763"]
[BlackElo "2743"]
[WhiteFideId "738590"]
[BlackFideId "14109603"]
[EventDate "2021.12.18"]

1. e4 c5 2. Nf3 d6 3. Bb5+ Nd7 4. d4 cxd4 5. Qxd4 Nf6 6. Bg5 a6 7. Bxd7+ Bxd7 8.
O-O h6 9. Bxf6 gxf6 10. c4 e6 11. Nc3 Be7 12. a4 Qa5 13. Rab1 Qb4 14. b3 h5 15.
Rfd1 h4 16. Ne1 Qc5 17. Qd3 Rc8 18. Nc2 Qg5 19. b4 Rg8 20. Ne3 Rd8 21. Qe2 Kf8
22. a5 Kg7 23. Kh1 Kh8 24. Rf1 Qh6 25. f4 h3 26. g4 Qh4 27. f5 Rg7 28. Rf3 Rdg8
29. Rg1 Rh7 30. Rgg3 d5 31. exd5 Bd6 32. Rxh3 Qxh3 33. Rxh3 Rxh3 34. Ne4 Rxh2+
35. Qxh2+ Bxh2 36. Kxh2 exf5 37. Nxf6 f4 38. Ng2 Rc8 39. Nxd7 Rxc4 40. Ne5 Rd4
41. d6 f6 42. Ng6+ Kg7 43. N6h4 Kf7 44. Nf5 Rd2 45. Kg1 f3 46. Nf4 Ke8 47. Kf1
Kd7 48. Nh5 Ke6 49. Nf4+ Ke5 50. Nh5 Rb2 51. Ke1 f2+ 52. Kf1 Rxb4 53. Kxf2 Rxg4
54. d7 Rg8 55. Nh6 Kd5 1-0

[Event "Memorial Gashimov - Rapid"]
[Site "Baku"]
[Date "18.12.2021"]
[Round "R1"]
[White "Mamedov, Rauf"]
[Black "Anand, Viswanathan"]
[Result "1-0"]
[WhiteTitle "GM"]
[BlackTitle "GM"]
[WhiteElo "2656"]
[BlackElo "2751"]
[WhiteFideId "13401653"]
[BlackFideId "5000017"]
[EventDate "2021.12.18"]

1. e4 e5 2. Nf3 Nc6 3. Bc4 Bc5 4. c3 Nf6 5. d4 exd4 6. cxd4 Bb4+ 7. Nbd2 Nxe4 8.
d5 Ne7 9. O-O Bxd2 10. Nxd2 Nf6 11. Nf3 O-O 12. Bg5 Ng6 13. h4 h6 14. h5 Nh8 15.
Bh4 d6 16. Qd4 c5 17. dxc6 bxc6 18. Rfd1 d5 19. Bd3 Qd6 20. Bg3 Qe6 21. Re1 Qg4
22. Qc5 Bf5 23. Bxf5 Qxf5 24. Re5 Qc8 25. Qc2 Re8 26. Rxe8+ Qxe8 27. Re1 Qd7 28.
Ne5 Qe6 29. f3 d4 30. Nxc6 d3 31. Qc3 Qd7 32. Re7 Qd5 33. Re5 Qd7 34. Ne7+ Kh7
35. Nd5 1-0

[Event "Memorial Gashimov - Rapid"]
[Site "Baku"]
[Date "18.12.2021"]
[Round "R1"]
[White "Asadli, Vugar"]
[Black "Caruana, Fabiano"]
[Result "1/2-1/2"]
[WhiteTitle "GM"]
[BlackTitle "GM"]
[WhiteElo "2579"]
[BlackElo "2792"]
[WhiteFideId "13405764"]
[BlackFideId "2020009"]
[EventDate "2021.12.18"]

1. e4 e5 2. Nf3 Nc6 3. Nc3 Nf6 4. d4 exd4 5. Nxd4 Bb4 6. Nxc6 bxc6 7. Bd3 d5 8.
exd5 O-O 9. O-O cxd5 10. h3 c6 11. Qf3 h6 12. Bf4 Bd6 13. Rfe1 Be6 14. Rad1 Bxf4
15. Qxf4 Qb8 16. Qxb8 Raxb8 17. Na4 Rfc8 18. b3 c5 19. g4 g5 20. Re5 Nd7 21. Re2
Kg7 22. Kg2 Rb4 23. c3 Rf4 24. c4 d4 25. Rde1 Nb6 26. Nb2 Bd7 27. Be4 1/2-1/2

[Event "Memorial Gashimov - Rapid"]
[Site "Baku"]
[Date "18.12.2021"]
[Round "R1.A"]
[White "Anand, Viswanathan"]
[Black "Mamedov, Rauf"]
[Result "0-1"]
[WhiteTitle "GM"]
[BlackTitle "GM"]
[WhiteElo "2751"]
[BlackElo "2656"]
[WhiteFideId "5000017"]
[BlackFideId "13401653"]
[EventDate "2021.12.18"]

1. e4 c5 2. Nf3 Nc6 3. Bb5 g6 4. O-O Bg7 5. c3 Nf6 6. Re1 O-O 7. h3 Qb6 8. a4 a6
9. Bc4 d6 10. d4 cxd4 11. cxd4 Nd7 12. Be3 Na5 13. Bf1 Qxb2 14. Nbd2 Qb6 15. e5
Qd8 16. exd6 exd6 17. Ne4 Nf6 18. Bg5 Bf5 19. Nfd2 d5 20. Ng3 Be6 21. Nf3 h6 22.
Bf4 Nc6 23. Rb1 Ra7 24. Qc1 Ne4 25. Bxh6 Nxg3 26. Bxg7 Kxg7 27. fxg3 Qf6 28. Qc5
Rc8 29. g4 Qf4 30. Rb6 Raa8 31. Rxe6 Nd8 32. Rxg6+ fxg6 33. Qe7+ Nf7 34. Rxg6+ 0-1

[Event "Memorial Gashimov - Rapid"]
[Site "Baku"]
[Date "19.12.2021"]
[Round "R2"]
[White "Mamedyarov, Shakhriyar"]
[Black "Asadli, Vugar"]
[Result "1-0"]
[WhiteTitle "GM"]
[BlackTitle "GM"]
[WhiteElo "2767"]
[BlackElo "2579"]
[WhiteFideId "13401319"]
[BlackFideId "13405764"]
[EventDate "2021.12.18"]

1. d4 d5 2. c4 e6 3. Nc3 c5 4. cxd5 exd5 5. Nf3 Nf6 6. g3 Nc6 7. Bg2 cxd4 8.
Nxd4 Bc5 9. Nb3 Bb6 10. O-O d4 11. Na4 O-O 12. Bg5 h6 13. Bxf6 Qxf6 14. Rc1 Rd8
15. Qd2 h5 16. Nbc5 h4 17. b4 Rb8 18. a3 Ne5 19. Nd3 Be6 20. Qf4 Qxf4 21. Nxf4
d3 22. Nxe6 fxe6 23. exd3 Rxd3 24. Nxb6 axb6 25. Rfe1 Nf3+ 26. Bxf3 Rxf3 27.
Rxe6 Rbf8 28. Rc2 h3 29. Re3 Rd8 30. Kf1 Rxe3 31. fxe3 Rd3 32. Kf2 Rxa3 33. g4
Rb3 34. Rc4 Kf7 35. Re4 g5 36. Kg3 Rb1 37. Kxh3 Rg1 38. Re5 Kf6 39. Rf5+ Kg6 40.
Rb5 Re1 41. Rxb6+ Kf7 42. Rxb7+ Kf6 43. Rb6+ Kf7 44. Rb5 Rxe3+ 45. Kg2 Kf6 46.
Rf5+ Kg6 47. b5 Rb3 48. Rd5 Kf6 49. Rc5 Rb2+ 50. Kf3 Rxh2 51. Ke4 Re2+ 52. Kd5
Re5+ 53. Kd4 Re1 54. b6 Rd1+ 55. Ke4 1-0

[Event "Memorial Gashimov - Rapid"]
[Site "Baku"]
[Date "19.12.2021"]
[Round "R2"]
[White "Rapport, Richard"]
[Black "Anand, Viswanathan"]
[Result "1-0"]
[WhiteTitle "GM"]
[BlackTitle "GM"]
[WhiteElo "2763"]
[BlackElo "2751"]
[WhiteFideId "738590"]
[BlackFideId "5000017"]
[EventDate "2021.12.18"]

1. e4 e5 2. Nf3 Nc6 3. g3 Bc5 4. Bg2 d6 5. c3 Bb6 6. O-O g5 7. a4 g4 8. Nh4 a5
9. Na3 Be6 10. Nf5 Bxf5 11. exf5 h5 12. Nc4 Ba7 13. Qb3 Rb8 14. Qb5 Kf8 15. Nxa5
Nxa5 16. Qxa5 Bb6 17. Qb4 Qf6 18. a5 Ba7 19. d3 Ne7 20. Be3 c5 21. Qc4 Nxf5 22.
b4 Qg6 23. b5 b6 24. Be4 h4 25. axb6 Bxb6 26. Ra2 hxg3 27. fxg3 Nxe3 28. Bxg6
Nxc4 29. dxc4 1-0

[Event "Memorial Gashimov - Rapid"]
[Site "Baku"]
[Date "19.12.2021"]
[Round "R2"]
[White "Mamedov, Rauf"]
[Black "Caruana, Fabiano"]
[Result "0-1"]
[WhiteTitle "GM"]
[BlackTitle "GM"]
[WhiteElo "2656"]
[BlackElo "2792"]
[WhiteFideId "13401653"]
[BlackFideId "2020009"]
[EventDate "2021.12.18"]

1. e4 c5 2. Nf3 e6 3. c3 Nf6 4. e5 Nd5 5. Bc4 d6 6. d4 cxd4 7. cxd4 Be7 8. O-O
O-O 9. Qc2 b6 10. Bxd5 exd5 11. Nc3 dxe5 12. Nxe5 Be6 13. Bf4 f6 14. Nf3 Nc6 15.
Rfe1 Qd7 16. Qa4 Rac8 17. Rac1 Bf7 18. Nd1 Rfe8 19. Ne3 Bf8 20. Bg3 g5 21. h3 h5
22. a3 Be6 23. h4 g4 24. Nd2 Bh6 25. Rc3 f5 26. Rec1 f4 27. Bxf4 Bxf4 28. Rxc6
g3 29. Ndf1 gxf2+ 30. Kxf2 Qf7 31. Rxc8 Bxe3+ 32. Kxe3 Bxc8+ 33. Kd3 Bd7 34. Qd1
Bb5+ 35. Kc3 Be2 36. Qd2 Rc8+ 37. Kb3 Bc4+ 38. Rxc4 dxc4+ 39. Kc3 Qxf1 40. Qg5+
Kf8 41. Qh6+ Ke7 42. Qg5+ Qf6 43. Qxh5 Qf4 44. Qe2+ Kd7 45. Qc2 Qe3+ 46. Kb4
Qb3+ 0-1

[Event "Memorial Gashimov - Rapid"]
[Site "Baku"]
[Date "19.12.2021"]
[Round "R2"]
[White "Navara, David"]
[Black "Karjakin, Sergey"]
[Result "1-0"]
[WhiteTitle "GM"]
[BlackTitle "GM"]
[WhiteElo "2697"]
[BlackElo "2743"]
[WhiteFideId "309095"]
[BlackFideId "14109603"]
[EventDate "2021.12.18"]

1. Nf3 d5 2. e3 Nf6 3. c4 e6 4. Nc3 c5 5. cxd5 exd5 6. d4 Nc6 7. Bb5 cxd4 8.
Nxd4 Bd7 9. O-O Bd6 10. Nf3 Be6 11. b3 O-O 12. Bb2 a6 13. Bxc6 bxc6 14. Rc1 Rc8
15. Qd3 Bg4 16. Qxa6 Nd7 17. Kh1 Re8 18. Nb5 Nc5 19. Qxc8 Bxc8 20. Nxd6 Qxd6 21.
Ba3 Bg4 22. Nd4 Qg6 23. Rxc5 Ra8 24. Rxc6 Qd3 25. Rfc1 h5 26. R6c3 Qd2 27. R3c2
Qd3 28. Bc5 Bd7 29. h3 h4 30. b4 g5 31. Nf3 Bxh3 32. Nxg5 Bg4 33. Bd4 Qf5 34. f4
f6 35. Rc7 h3 36. Rf7 hxg2+ 37. Kg1 Rf8 38. Rxf8+ Kxf8 39. Bxf6 Qd3 40. Bd4 Qd2
41. Ra1 Qe2 42. b5 Qxb5 43. Kxg2 Bd1 44. a4 Bxa4 45. Rh1 Bc2 46. Kg3 Qe2 47. Ra1
Ke8 48. Ra7 Qe1+ 49. Kg4 Qd1+ 50. Kg3 Bf5 51. Nf3 Kd8 52. Ne5 Kc8 53. Kh4 Qg1
54. Ra8+ Kb7 55. Ra7+ Kc8 56. Kh5 Be4 57. Kh6 Qh2+ 58. Kg5 Qg3+ 59. Kf6 Qh4+ 60.
Ke6 Qh6+ 61. Ke7 Bf5 62. Nf7 Qe6+ 63. Kf8 Bg6 64. Be5 Bxf7 65. Rc7+ Kd8 66. Rxf7
Qh6+ 67. Bg7 Qd6+ 68. Kg8 d4 69. Bf6+ Kc8 70. Bxd4 Qd5 71. f5 Kd8 72. Kg7 Qg2+
73. Kf8 Qh1 74. Bg7 Qe4 75. Bd4 Qh1 76. Rg7 Qh8+ 77. Kf7 Qh5+ 78. Ke6 Qe8+ 79.
Re7 Qg8+ 80. Ke5 Qg3+ 81. Kd5 Qg2+ 82. e4 Qa2+ 1-0

[Event "Memorial Gashimov - Rapid"]
[Site "Baku"]
[Date "19.12.2021"]
[Round "R2"]
[White "Asadli, Vugar"]
[Black "Mamedyarov, Shakhriyar"]
[Result "1-0"]
[WhiteTitle "GM"]
[BlackTitle "GM"]
[WhiteElo "2579"]
[BlackElo "2767"]
[WhiteFideId "13405764"]
[BlackFideId "13401319"]
[EventDate "2021.12.18"]

1. e4 e5 2. Nf3 Nc6 3. d4 exd4 4. Nxd4 Bc5 5. Nxc6 bxc6 6. Bd3 d6 7. Nc3 Nf6 8.
Na4 Bb6 9. O-O O-O 10. Bg5 h6 11. Bh4 g5 12. Bg3 Re8 13. Nxb6 axb6 14. e5 dxe5
15. Bxe5 Ba6 16. f4 Bxd3 17. cxd3 gxf4 18. Bxf4 Re6 19. Qf3 Qd4+ 20. Kh1 Qd5 21.
Qh3 Rxa2 22. Rxa2 Qxa2 23. Qg3+ Kh7 24. Be5 Qa5 25. d4 Qd2 26. Qf3 1-0

[Event "Memorial Gashimov - Rapid"]
[Site "Baku"]
[Date "19.12.2021"]
[Round "R2"]
[White "Anand, Viswanathan"]
[Black "Rapport, Richard"]
[Result "1/2-1/2"]
[WhiteTitle "GM"]
[BlackTitle "GM"]
[WhiteElo "2751"]
[BlackElo "2763"]
[WhiteFideId "5000017"]
[BlackFideId "738590"]
[EventDate "2021.12.18"]

1. e4 e6 2. d4 d5 3. Nc3 Bb4 4. e5 c5 5. a3 Bxc3+ 6. bxc3 Qc7 7. Qg4 f6 8. Nf3
c4 9. Qg3 Qf7 10. h4 h5 11. Be2 Nc6 12. O-O Nge7 13. Re1 Qg6 14. Bd1 Qxg3 15.
fxg3 f5 16. Ng5 Bd7 17. Bf3 Nd8 18. Nh3 Ba4 19. Ra2 Ng6 20. Bg5 Nc6 21. Rb1 Rb8
22. Kf2 Kd7 23. Ke3 Kc7 24. Kd2 Ra8 25. Nf2 Nf8 26. Rab2 b5 27. Ra2 a6 28. Raa1
Re8 29. Rf1 Nb8 30. g4 hxg4 31. Nxg4 fxg4 32. Bxg4 Rg8 33. Rf7+ Nfd7 34. Re7
Rgf8 35. Re1 Rxe7 36. Bxe7 Rf2+ 37. Re2 Rxe2+ 38. Bxe2 Nc6 39. Bd6+ Kc8 40. Bg4
Nd8 41. h5 b4 42. cxb4 Kb7 43. c3 Kc8 44. Bh3 Bb3 45. Be7 Nc6 46. Bd6 Nd8 47. g3
Ba4 48. Bg4 Bb3 49. b5 axb5 50. Bb4 Ba2 51. Kc1 Bb3 52. Bh3 Ba4 53. g4 Nf7 54.
Be7 Nb8 55. Bf8 Ng5 56. Bg2 b4 57. axb4 g6 58. hxg6 Be8 59. g7 Bf7 60. b5 Nd7
61. Be7 Ne4 62. Kb2 Nf2 63. Bf3 Nd3+ 64. Ka3 Kc7 65. g5 Nf4 66. Kb4 Kb7 67. Bd1
Nd3+ 68. Ka5 Nf4 69. Bd8 Kc8 70. Bf6 Kb7 71. Bc2 Bg8 72. g6 Ne2 73. Kb4 Nc1 74.
Bb1 Ne2 75. Bg5 Kc7 76. Bc2 Nb6 77. Be7 Nd7 78. Bg5 Nb6 79. Bd1 Ng3 80. Be7 Nd7
81. Bg4 Kb7 82. Bd1 Kc7 83. Bf3 Kb7 84. Ka5 Nf5 85. Bd8 Nxg7 86. b6 Nb8 87. Kb5
Nf5 88. Bg4 Ng3 89. Bc7 Nd7 1/2-1/2

[Event "Memorial Gashimov - Rapid"]
[Site "Baku"]
[Date "19.12.2021"]
[Round "R2"]
[White "Caruana, Fabiano"]
[Black "Mamedov, Rauf"]
[Result "1-0"]
[WhiteTitle "GM"]
[BlackTitle "GM"]
[WhiteElo "2792"]
[BlackElo "2656"]
[WhiteFideId "2020009"]
[BlackFideId "13401653"]
[EventDate "2021.12.18"]

1. e4 e5 2. Nf3 d6 3. d4 exd4 4. Qxd4 Nf6 5. Nc3 Be7 6. Bb5+ c6 7. Be2 O-O 8.
Bf4 d5 9. exd5 cxd5 10. O-O Nc6 11. Qa4 a6 12. Rad1 Be6 13. Nd4 Qb6 14. Qb3 Qa7
15. Nxc6 bxc6 16. Na4 a5 17. Qg3 Ne4 18. Qe3 Qxe3 19. Bxe3 Rab8 20. b3 Rb4 21.
Bd4 c5 22. Ba1 d4 23. Bd3 Nf6 24. Rfe1 Nd5 25. Bc4 Rxc4 26. bxc4 Nb4 27. c3 Nc2
28. cxd4 cxd4 29. Re5 Bf6 30. Rxa5 Bxc4 31. Rc1 Re8 32. Nb6 Be2 33. Rxc2 d3 34.
Bxf6 dxc2 35. Bb2 Ba6 36. h3 Bb7 37. Rc5 Re1+ 38. Kh2 Re2 39. Rc7 Ba6 40. Nd5 1-0

[Event "Memorial Gashimov - Rapid"]
[Site "Baku"]
[Date "19.12.2021"]
[Round "R2"]
[White "Karjakin, Sergey"]
[Black "Navara, David"]
[Result "1-0"]
[WhiteTitle "GM"]
[BlackTitle "GM"]
[WhiteElo "2743"]
[BlackElo "2697"]
[WhiteFideId "14109603"]
[BlackFideId "309095"]
[EventDate "2021.12.18"]

1. e4 e5 2. Nf3 Nc6 3. Bb5 Nf6 4. d3 Bc5 5. Bxc6 dxc6 6. O-O Bd6 7. Bg5 h6 8.
Bh4 Be6 9. d4 g5 10. dxe5 gxh4 11. exd6 h3 12. dxc7 Qxd1 13. Rxd1 hxg2 14. Nc3
Rg8 15. Nd4 Nh5 16. Nce2 Rc8 17. Nxe6 fxe6 18. Rd6 Ke7 19. Rd3 Rxc7 20. Rad1 Nf6
21. e5 Ng4 22. f4 h5 23. Rh3 Rd7 24. Rxd7+ Kxd7 25. c3 c5 26. Rxh5 Kc6 27. Kxg2
Nxe5+ 28. Rg5 Ng6 29. Kg3 Kd6 30. h4 Ne7 31. Rxg8 Nxg8 32. Kg4 Ke7 33. Kg5 Kf7
34. c4 Nf6 35. Nc3 Kg7 36. b3 b6 37. f5 e5 38. Nd5 Ne4+ 39. Kg4 Kh6 40. f6 Nd6
41. Ne7 e4 42. Kf4 a6 43. Nd5 b5 44. Ke5 bxc4 45. Kxd6 1-0

[Event "Memorial Gashimov - Rapid"]
[Site "Baku"]
[Date "19.12.2021"]
[Round "R2.A"]
[White "Mamedyarov, Shakhriyar"]
[Black "Asadli, Vugar"]
[Result "1-0"]
[WhiteTitle "GM"]
[BlackTitle "GM"]
[WhiteElo "2767"]
[BlackElo "2579"]
[WhiteFideId "13401319"]
[BlackFideId "13405764"]
[EventDate "2021.12.18"]

1. d4 d5 2. c4 e6 3. Nc3 Nf6 4. cxd5 exd5 5. Bg5 c6 6. Qc2 h6 7. Bh4 g6 8. f3
Bg7 9. O-O-O O-O 10. e4 dxe4 11. fxe4 Qa5 12. Nf3 Be6 13. a3 b5 14. e5 Nd5 15.
Nxd5 cxd5 16. Kb1 Rc8 17. Qd2 Qb6 18. Be7 Nc6 19. Bc5 Qb7 20. h4 b4 21. a4 b3
22. h5 Bf5+ 23. Bd3 Qa6 24. hxg6 fxg6 25. Bxf5 gxf5 26. Rxh6 Qxa4 27. Ba3 Ne7
28. Rdh1 Qc4 29. Bxe7 Bxh6 30. Qxh6 1-0

[Event "Memorial Gashimov - Rapid"]
[Site "Baku"]
[Date "19.12.2021"]
[Round "R2.A"]
[White "Navara, David"]
[Black "Karjakin, Sergey"]
[Result "0-1"]
[WhiteTitle "GM"]
[BlackTitle "GM"]
[WhiteElo "2697"]
[BlackElo "2743"]
[WhiteFideId "309095"]
[BlackFideId "14109603"]
[EventDate "2021.12.18"]

1. Nf3 d5 2. g3 g6 3. c4 dxc4 4. Qa4+ Nc6 5. Bg2 Bg7 6. Qxc4 e5 7. d3 Nge7 8.
O-O Be6 9. Qa4 O-O 10. Nc3 h6 11. Bd2 Qd7 12. Rfc1 Rad8 13. Ne4 Qc8 14. b4 a6
15. b5 axb5 16. Qxb5 Bd5 17. Nc5 Bxf3 18. Bxf3 e4 19. Bxe4 Nd4 20. Qxb7 Nxe2+
21. Kg2 Qxb7 22. Nxb7 Ra8 23. Rxc7 Bxa1 24. Rxe7 Rxa2 25. Bxh6 Bg7 26. Bd5 Rb2
27. Bxg7 Kxg7 28. Nd6 Nd4 29. Bxf7 Kf6 30. Rd7 Nc6 31. Ne4+ Kf5 32. Rd5+ Ne5 33.
Bxg6+ Ke6 34. Rd6+ Ke7 35. Bh5 Rfxf2+ 36. Nxf2 Kxd6 37. Kf1 Kc5 38. Be2 Kd4 39.
h4 Rb1+ 40. Kg2 Ke3 41. d4 Kxd4 42. Nh3 Rb2 43. Ng1 Nd3 44. Kf3 Ne5+ 45. Kf4 Rb1
46. Nf3+ Nxf3 47. Bxf3 Kc5 48. Kf5 0-1

[Event "Memorial Gashimov - Rapid"]
[Site "Baku"]
[Date "19.12.2021"]
[Round "R3"]
[White "Anand, Viswanathan"]
[Black "Navara, David"]
[Result "0-1"]
[WhiteTitle "GM"]
[BlackTitle "GM"]
[WhiteElo "2751"]
[BlackElo "2697"]
[WhiteFideId "5000017"]
[BlackFideId "309095"]
[EventDate "2021.12.18"]

1. e4 c5 2. Nf3 d6 3. d4 cxd4 4. Nxd4 Nf6 5. Nc3 a6 6. Be3 e5 7. Nf3 Be7 8. Bc4
O-O 9. O-O Nc6 10. a3 b5 11. Ba2 Be6 12. Qd3 Rc8 13. Bg5 Nh5 14. Bd2 Na5 15. a4
Nc4 16. Bc1 Nf4 17. Bxf4 Nxb2 18. Qd2 exf4 19. axb5 Bf6 20. Nd5 Bxd5 21. Bxd5
Nc4 22. Bxc4 Bxa1 23. Bd3 Bc3 24. Qxf4 a5 25. e5 dxe5 26. Nxe5 Qd6 27. Qh4 Qh6
28. Qxh6 gxh6 29. Nc6 a4 30. Bc4 a3 31. Rd1 Rfe8 32. g3 Rc7 33. Rd3 Bb2 34. Kf1
Kg7 35. Bb3 h5 36. h4 h6 37. Rd5 Ra8 38. Ba2 Re8 39. Rxh5 Bc3 40. Rc5 Re1+ 41.
Kg2 Ba5 42. Rf5 Bb6 43. Nb4 Ra1 44. Bb3 Rb1 45. Rf4 Rb2 46. Nd5 Ra7 47. Nc3 Rxb3
48. cxb3 a2 49. Nxa2 Rxa2 50. h5 Rd2 51. Rf5 Rd3 52. g4 Rxb3 53. f4 Bc7 54. g5
Rb2+ 55. Kf3 Rb3+ 56. Kg2 hxg5 57. fxg5 Bd8 58. Rd5 Be7 59. Re5 Bd6 60. Rf5 Rd3
61. h6+ Kg8 62. h7+ Kxh7 63. Rxf7+ Kg6 64. Rd7 Rg3+ 65. Kf2 Bf4 66. b6 Rb3 67.
b7 Kxg5 68. Rf7 Be5 69. Ke2 Kg6 70. Rd7 Kf5 71. Rf7+ Ke6 72. Rh7 Kd5 73. Kd2 Kc6
74. Kc2 Rb4 75. Kd3 Bc7 76. Rh6+ Kxb7 77. Re6 Bg3 78. Rg6 Kc7 79. Re6 Bd6 80.
Re4 Rb5 81. Rc4+ Bc5 82. Rh4 Rb3+ 83. Kc2 Re3 84. Rh6 Bd6 85. Rh5 Kc6 86. Kd2
Bf4 87. Rf5 Bh6 88. Kc2 Rh3 89. Re5 Kd6 90. Rb5 Bg7 91. Rb3 Rh4 92. Rb5 Bd4 93.
Kd3 Bc5 94. Rb8 Kd5 95. Rd8+ Bd6 96. Kd2 Rh3 97. Ke2 Ke5 98. Kd2 Bc5 99. Kc2 Ke4
100. Re8+ Kd4 101. Rd8+ Kc4 102. Rc8 Rh2+ 103. Kc1 Kd4 104. Rc7 Bb4 105. Rc8 Bc3
106. Rf8 Kc4 107. Rd8 Bd4 108. Rg8 Kd3 109. Rg3+ Be3+ 110. Kb1 Re2 111. Rg8 Bd4
112. Rg3+ Kd2 113. Ka2 Kc2 114. Ka3 Re4 115. Rg2+ Kc3 116. Rg3+ Be3 117. Rh3 Kc2
118. Rh2+ Bd2 119. Rf2 Re5 0-1

[Event "Memorial Gashimov - Rapid"]
[Site "Baku"]
[Date "19.12.2021"]
[Round "R3"]
[White "Caruana, Fabiano"]
[Black "Rapport, Richard"]
[Result "1-0"]
[WhiteTitle "GM"]
[BlackTitle "GM"]
[WhiteElo "2792"]
[BlackElo "2763"]
[WhiteFideId "2020009"]
[BlackFideId "738590"]
[EventDate "2021.12.18"]

1. e4 e6 2. d4 d5 3. Nc3 Bb4 4. e5 c5 5. a3 Bxc3+ 6. bxc3 Qc7 7. h4 Ne7 8. Rh3
Nbc6 9. h5 h6 10. Qg4 Rg8 11. Qf4 Bd7 12. Bd2 O-O-O 13. Nf3 Rdf8 14. Bd3 f6 15.
Qh2 fxe5 16. Nxe5 Nxe5 17. Qxe5 Qxe5+ 18. dxe5 Nc6 19. f4 c4 20. Be2 Be8 21. Be3
b6 22. Kd2 Kb7 23. g4 Rf7 24. Rg1 Rgf8 25. g5 Ne7 26. g6 Rf5 27. Bg4 Bd7 28. Ra1
Rb8 29. a4 Rff8 30. a5 Nf5 31. Bxf5 Rxf5 32. axb6 a6 33. Rh4 Rc8 34. Bd4 Bb5 35.
Ke3 Be8 36. Kf3 Bb5 37. Kg3 Bd7 38. Ra5 Bb5 39. Rh1 Rff8 40. Rha1 Ra8 41. Kg4
Kc6 42. Rb1 Kb7 43. Raxb5 axb5 44. Rxb5 Rf5 45. Rxd5 Rxf4+ 46. Kxf4 Rf8+ 47. Ke4
exd5+ 48. Kxd5 1-0

[Event "Memorial Gashimov - Rapid"]
[Site "Baku"]
[Date "19.12.2021"]
[Round "R3"]
[White "Karjakin, Sergey"]
[Black "Mamedyarov, Shakhriyar"]
[Result "1-0"]
[WhiteTitle "GM"]
[BlackTitle "GM"]
[WhiteElo "2743"]
[BlackElo "2767"]
[WhiteFideId "14109603"]
[BlackFideId "13401319"]
[EventDate "2021.12.18"]

1. e4 e5 2. Nf3 Nc6 3. Bc4 Bc5 4. c3 Nf6 5. d3 h6 6. O-O d6 7. Nbd2 O-O 8. Re1
a5 9. Nf1 Ba7 10. Ng3 Ne7 11. h3 c6 12. d4 exd4 13. cxd4 d5 14. e5 dxc4 15. exf6
gxf6 16. Nh5 Nf5 17. g4 Ng7 18. Bxh6 Nxh5 19. gxh5 Re8 20. Qc2 Kh8 21. Rxe8+
Qxe8 22. Re1 Be6 23. Kh1 Qd7 24. Rg1 Rg8 25. Qc1 Bxh3 26. Bg7+ 1-0

[Event "Memorial Gashimov - Rapid"]
[Site "Baku"]
[Date "19.12.2021"]
[Round "R3"]
[White "Asadli, Vugar"]
[Black "Mamedov, Rauf"]
[Result "1/2-1/2"]
[WhiteTitle "GM"]
[BlackTitle "GM"]
[WhiteElo "2579"]
[BlackElo "2656"]
[WhiteFideId "13405764"]
[BlackFideId "13401653"]
[EventDate "2021.12.18"]

1. e4 c5 2. Nc3 Nc6 3. Bb5 Nd4 4. Bc4 a6 5. a4 d6 6. d3 g6 7. Nge2 Bg7 8. Nxd4
cxd4 9. Ne2 e6 10. O-O Ne7 11. Bb3 O-O 12. Bd2 Nc6 13. f4 f5 14. Ng3 Kh8 15.
exf5 gxf5 16. c3 Qb6 17. Kh1 Bd7 18. Nh5 Rg8 19. Bc2 Ne7 20. a5 Qc7 21. Bb3 Ng6
22. Nxg7 Rxg7 23. cxd4 d5 24. Qe1 Rag8 25. Rf3 Qd8 26. Rh3 Ne7 27. g3 Nc6 28.
Bd1 Qf6 29. Bc3 1/2-1/2